Normal view
MARC view
- African Americans
Entry Topical Term
001 - CONTROL NUMBER
- control field: 96640
003 - CONTROL NUMBER IDENTIFIER
- control field: NUST
005 - DATE AND TIME OF LATEST TRANSACTION
- control field: 20220807104924.0
008 - FIXED-LENGTH DATA ELEMENTS
- fixed length control field: 220807|| aca||aabn | a|a d
040 ## - CATALOGING SOURCE
- Original cataloging agency: NUST
- Transcribing agency: NUST
150 ## - HEADING--TOPICAL TERM
- Topical term or geographic name entry element: African Americans
- General subdivision: Civil rights
670 ## - SOURCE DATA FOUND
- Source citation: Work cat.: (NUST)0: King, Martin Luther, Jr., 1929-1968. 96639, A testament of hope :, 1991.
